Love stories from Punjab (Record no. 5340)
[ view plain ]
| 000 -LEADER | |
|---|---|
| fixed length control field | 00398nam a2200157Ia 4500 |
| 008 - FIXED-LENGTH DATA ELEMENTS--GENERAL INFORMATION | |
| fixed length control field | 230711s9999||||xx |||||||||||||| ||und|| |
| 020 ## - INTERNATIONAL STANDARD BOOK NUMBER | |
| International Standard Book Number | 978-81-7476-210-8 |
| 041 ## - LANGUAGE CODE | |
| Language code of text/sound track or separate title | ENG |
| 082 ## - DEWEY DECIMAL CLASSIFICATION NUMBER | |
| Classification number | 800 |
| Item number | LI-D |
| 100 ## - MAIN ENTRY--PERSONAL NAME | |
| Personal name | Dhillon,Harish |
| 245 #0 - TITLE STATEMENT | |
| Title | Love stories from Punjab |
| 260 ## - PUBLICATION, DISTRIBUTION, ETC. | |
| Date of publication, distribution, etc. | 2007 |
| Place of publication, distribution, etc. | New Delhi |
| Name of publisher, distributor, etc. | UBS Publishers and Distributors Pvt.Ltd. |
| 300 ## - PHYSICAL DESCRIPTION | |
| Extent | 244 |
| 650 ## - SUBJECT ADDED ENTRY--TOPICAL TERM | |
| Topical term or geographic name entry element | Literature |
| 942 ## - ADDED ENTRY ELEMENTS (KOHA) | |
| Koha item type | Book |
| Withdrawn status | Lost status | Damaged status | Not for loan | Collection | Home library | Current library | Date acquired | Total checkouts | Full call number | Barcode | Date last seen | Date last checked out | Price effective from | Koha item type |
|---|---|---|---|---|---|---|---|---|---|---|---|---|---|---|
| MRSPTU Central Library | MRSPTU Central Library | 9 | 800 LI-D | 20332 | 04/01/2026 | 02/03/2026 | 08/17/2023 | Book |
